<?xml version="1.0" encoding="UTF-8"?>
<record
    xmlns:xsi="http://www.w3.org/2001/XMLSchema-instance"
    xsi:schemaLocation="http://www.loc.gov/MARC21/slim http://www.loc.gov/standards/marcxml/schema/MARC21slim.xsd"
    xmlns="http://www.loc.gov/MARC21/slim">

  <leader>00459nam a22001457a 4500</leader>
  <controlfield tag="005">20180129125553.0</controlfield>
  <controlfield tag="008">180129b        xxu||||| |||| 00| 0 eng d</controlfield>
  <datafield tag="040" ind1=" " ind2=" ">
    <subfield code="c">PK-LaUMT</subfield>
  </datafield>
  <datafield tag="082" ind1=" " ind2=" ">
    <subfield code="a">PKAC 158.1</subfield>
    <subfield code="b">BAS-S</subfield>
  </datafield>
  <datafield tag="100" ind1=" " ind2=" ">
    <subfield code="a">Bashir Jumma , Muhammad</subfield>
  </datafield>
  <datafield tag="245" ind1=" " ind2=" ">
    <subfield code="a">Shahra waqt per kamyabi ka safar(&#x634;&#x627;&#x6C1;&#x631;&#x627;&#x6C1; &#x648;&#x642;&#x62A; &#x67E;&#x631; &#x6A9;&#x627;&#x645;&#x6CC;&#x627;&#x628;&#x6CC; &#x6A9;&#x627; &#x633;&#x641;&#x631;)</subfield>
    <subfield code="c">Muhammad Bashir Jumma</subfield>
  </datafield>
  <datafield tag="260" ind1=" " ind2=" ">
    <subfield code="a">&#x644;&#x627;&#x6C1;&#x648;&#x631;:</subfield>
    <subfield code="b">&#x62C;&#x646;&#x6AF; &#x67E;&#x628;&#x644;&#x634;&#x631;&#x632;&#x60C;</subfield>
    <subfield code="c">1994</subfield>
  </datafield>
  <datafield tag="300" ind1=" " ind2=" ">
    <subfield code="a">387</subfield>
  </datafield>
  <datafield tag="942" ind1=" " ind2=" ">
    <subfield code="c">BK</subfield>
  </datafield>
  <datafield tag="999" ind1=" " ind2=" ">
    <subfield code="c">102397</subfield>
    <subfield code="d">102397</subfield>
  </datafield>
  <datafield tag="952" ind1=" " ind2=" ">
    <subfield code="0">0</subfield>
    <subfield code="1">0</subfield>
    <subfield code="4">0</subfield>
    <subfield code="7">0</subfield>
    <subfield code="a">01</subfield>
    <subfield code="b">01</subfield>
    <subfield code="d">2018-01-29</subfield>
    <subfield code="l">0</subfield>
    <subfield code="o">PKAC 158.1 BAS-S</subfield>
    <subfield code="p">118419</subfield>
    <subfield code="r">2018-01-29 00:00:00</subfield>
    <subfield code="w">2018-01-29</subfield>
    <subfield code="y">BK</subfield>
  </datafield>
  <datafield tag="952" ind1=" " ind2=" ">
    <subfield code="0">0</subfield>
    <subfield code="1">0</subfield>
    <subfield code="4">0</subfield>
    <subfield code="7">0</subfield>
    <subfield code="a">01</subfield>
    <subfield code="b">01</subfield>
    <subfield code="d">2018-01-29</subfield>
    <subfield code="l">0</subfield>
    <subfield code="o">PKAC 158.1 BAS-S</subfield>
    <subfield code="p">118438</subfield>
    <subfield code="r">2018-01-29 00:00:00</subfield>
    <subfield code="t">C-2</subfield>
    <subfield code="w">2018-01-29</subfield>
    <subfield code="y">BK</subfield>
  </datafield>
</record>
